| 000 | 01316nam a2200289Ia 4500 | ||
|---|---|---|---|
| 003 | CO-CtgCURN | ||
| 005 | 20250407183922.0 | ||
| 008 | 190723s1999 xx 000 0 und d | ||
| 020 | _a9586164365 | ||
| 040 |
_aCO-CtgCURN _bspa _ccoctgcurn |
||
| 082 |
_a345.077 _bL625f |
||
| 100 |
_aLesch, Heiko Hartmut _eautor _99754 |
||
| 245 | 0 |
_aLa función de la pena / _cHeiko Hartmut Lesch; traducción., Javier Sánchez-Vera Gómez-Trelles |
|
| 250 | _a1 edición | ||
| 260 |
_aBogotá, Colombia : _bUniversidad Externado de Colombia; _bCentro de Investigación en Filosofía y Derecho, _c2000 |
||
| 300 |
_a98 páginas ; _c21 centímetros |
||
| 490 |
_aColección de Estudios; _v7 |
||
| 500 | _aIncluye introducción e índice | ||
| 504 | _aIncluye referencias bibliográficas (p. [83]-98) | ||
| 505 | _aI. Introducción -- II. Teorías absolutas de la pena -- III. Teorías relativas de la pena -- IV. Teorías de la unión -- V. Resumen -- VI. Reconstrucción de una teoría funcional de la retribución. | ||
| 521 | _aAREA PROFESIONAL | ||
| 590 | _aPrograma de Derecho_18 | ||
| 650 |
_aDerecho penal _99755 |
||
| 700 |
_aSánchez-Vera Gómez-Trelles, Javier _etraducción _99756 |
||
| 942 |
_cBK _h345.077 _iL625f _2ddc _n0 |
||
| 999 |
_c28968 _d28968 |
||